| 000 | 01462cam a2200289 a 4500 | ||
|---|---|---|---|
| 001 | 1199495 | ||
| 003 | OSt | ||
| 005 | 20250901165811.0 | ||
| 008 | 980706s1998 nyu 000 0beng | ||
| 010 | _a 98036055 | ||
| 020 | _a0684813726 (hc. : alk. paper) | ||
| 040 |
_aDLC _cDLC _dDLC |
||
| 043 | _an-us--- | ||
| 050 | 0 | 0 |
_aE 886 .2 .B47 1998 _b.B47 1998 |
| 082 | 0 | 0 |
_a973.929/092 _221 |
| 100 | 1 |
_aBennett, William J. _q(William John), _d1943- |
|
| 245 | 1 | 4 |
_aThe death of outrage : _bBill Clinton and the assault on American ideals / _cWilliam J. Bennett. |
| 260 |
_aNew York : _bFree Press, _c1998. |
||
| 300 |
_a154 p. ; _c23 cm. |
||
| 600 | 1 | 0 |
_aClinton, Bill, _d1946- _xEthics. |
| 600 | 1 | 0 |
_aClinton, Bill, _d1946- _xSexual behavior. |
| 650 | 0 |
_aPolitical corruption _zUnited States _xHistory _y20th century. |
|
| 651 | 0 |
_aUnited States _xPolitics and government _y1993-2001 _xMoral and ethical aspects. |
|
| 906 |
_a7 _bcbc _corignew _d1 _eocip _f19 _gy-gencatlg |
||
| 942 |
_2lcc _cBK |
||
| 999 |
_c9389 _d9389 |
||